书目信息 |
| 题名: |
保险资金权益投资
|
|
| 作者: | 曹德云 , 段国圣 主编 | |
| 分册: | ||
| 出版信息: | 上海 上海财经大学出版社 2021.3 |
|
| 页数: | 333页 | |
| 开本: | 26cm | |
| 丛书名: | IAMAC系列丛书 | |
| 单 册: | ||
| 中图分类: | F842.4-53 , F832.48-53 | |
| 科图分类: | ||
| 主题词: | 保险资金--bao xian zi jin--投资--中国--文集 | |
| 电子资源: | ||
| ISBN: | 978-7-5642-3730-1 | |
| 000 | 01758oam2 2200325 450 | |
| 001 | 2157983127 | |
| 005 | 20211011172911.0 | |
| 010 | @a978-7-5642-3730-1@dCNY109.00 | |
| 100 | @a20210408d2021 em y0chiy50 ea | |
| 101 | 0 | @achi |
| 102 | @aCN@b310000 | |
| 105 | @aak z 000yy | |
| 106 | @ar | |
| 200 | 1 | @a保险资金权益投资@Abao xian zi jin quan yi tou zi@e新环境 新挑战 新机遇@e“泰康资产杯·2020IAMAC年度征文”论文集@f曹德云,段国圣主编 |
| 210 | @a上海@c上海财经大学出版社@d2021.3 | |
| 215 | @a333页@c图@d26cm | |
| 225 | 2 | @aIAMAC系列丛书@AIAMACxi lie cong shu |
| 312 | @a封面题英文并列题名:Equity investment of insurance fund: new environment·new challenges·new opportunities | |
| 330 | @a由《中国保险资产管理》杂志发起、泰康资产管理有限责任公司协办的“泰康杯·2020IAMAC年度征文”活动主题确定为——“保险资金权益投资:新环境新挑战新机遇”,本书是本次征文活动的结集出版。保险资金权益投资是保险经营的核心内容,是保险公司盈利能力和偿付能力的重要保障和途径,本次征文活动得到监管、业界、学界的踊跃参与积极供稿,稿件内容涵盖了保险资金权益投资政策、投资品种和投资策略以及风险监管方面的诸多问题,有力推动全行业对保险资金权益投资进行深入思考。 | |
| 461 | 0 | @12001 @aIAMAC系列丛书 |
| 510 | 1 | @aEquity investment of insurance fund: new environment·new challenges·new opportunities@zeng |
| 517 | 1 | @a新环境 新挑战 新机遇@Axin huan jing xin tiao zhan xin ji yu |
| 517 | 1 | @a“泰康资产杯·2020IAMAC年度征文”论文集@Atai kang zi chan bei 2020IAMACnian du zheng wen lun wen ji |
| 606 | 0 | @a保险资金@Abao xian zi jin@x投资@y中国@j文集 |
| 690 | @aF842.4-53@v5 | |
| 690 | @aF832.48-53@v5 | |
| 701 | 0 | @a曹德云@Acao de yun@4主编 |
| 701 | 0 | @a段国圣@Aduan guo sheng@4主编 |
| 801 | 0 | @aCN@b百万庄@c20211006 |
| 905 | @b1305861-64@dF842.4-53@e143@f4 | |
| 保险资金权益投资:新环境 新挑战 新机遇:“泰康资产杯·2020IAMAC年度征文”论文集/曹德云,段国圣主编.-上海:上海财经大学出版社,2021.3 |
| 333页:图;26cm.-(IAMAC系列丛书) |
| ISBN 978-7-5642-3730-1:CNY109.00 |
| 由《中国保险资产管理》杂志发起、泰康资产管理有限责任公司协办的“泰康杯·2020IAMAC年度征文”活动主题确定为——“保险资金权益投资:新环境新挑战新机遇”,本书是本次征文活动的结集出版。保险资金权益投资是保险经营的核心内容,是保险公司盈利能力和偿付能力的重要保障和途径,本次征文活动得到监管、业界、学界的踊跃参与积极供稿,稿件内容涵盖了保险资金权益投资政策、投资品种和投资策略以及风险监管方面的诸多问题,有力推动全行业对保险资金权益投资进行深入思考。 |
| ● |
| 相关链接 |
|
|
|
|
正题名:保险资金权益投资
索取号:F842.4-53/143
 
预约/预借
| 序号 | 登录号 | 条形码 | 馆藏地/架位号 | 状态 | 备注 |
| 1 | 1305861 | 213058616 | 第一样本阅览室/ [索取号:F842.4-53/143] | 在馆 | |
| 2 | 1305862 | 213058625 | 第一借阅区/ [索取号:F842.4-53/143] | 在馆 | |
| 3 | 1305863 | 213058634 | 第一借阅区/ [索取号:F842.4-53/143] | 在馆 | |
| 4 | 1305864 | 213058643 | 第一借阅区/ [索取号:F842.4-53/143] | 在馆 |